Zu Anklageschrift und Eröffnungsbeschluss bei fortgesetzter Handlung

Saved in:  
Bibliographic Details
Main Author: Schlüchter, Ellen 1938-2000 (Author)
Format: Print Article
Language:German
Published: 1990
In: Juristische Rundschau
Year: 1990, Issue: 1, Pages: 10-16
Check availability: HBZ Gateway
Keywords:

MARC

LEADER 00000caa a22000002c 4500
001 1631586785
003 DE-627
005 20220607130158.0
007 tu
008 130405s1990 xx ||||| 00| ||ger c
035 |a (DE-627)1631586785 
035 |a (DE-576)380836947 
035 |a (DE-599)BSZ380836947 
040 |a DE-627  |b ger  |c DE-627  |e rakwb 
041 |a ger 
100 1 |a Schlüchter, Ellen  |d 1938-2000  |0 (DE-588)12276563X  |0 (DE-627)082141932  |0 (DE-576)162923112  |4 aut 
109 |a Schlüchter, Ellen 1938-2000  |a Jähn, Ellen 1938-2000 
245 1 0 |a Zu Anklageschrift und Eröffnungsbeschluss bei fortgesetzter Handlung  |c Ellen Schlüchter 
264 1 |c 1990 
336 |a Text  |b txt  |2 rdacontent 
337 |a ohne Hilfsmittel zu benutzen  |b n  |2 rdamedia 
338 |a Band  |b nc  |2 rdacarrier 
773 0 8 |i In  |t Juristische Rundschau  |d Berlin : ˜deœ Gruyter, 1947  |g (1990), 1, Seite 10-16  |w (DE-627)129489506  |w (DE-600)205898-4  |w (DE-576)014883139  |x 0022-6920  |7 nnas 
773 1 8 |g year:1990  |g number:1  |g pages:10-16 
951 |a AR 
ELC |b 1 
LOK |0 000 xxxxxcx a22 zn 4500 
LOK |0 001 3282571682 
LOK |0 003 DE-627 
LOK |0 004 1631586785 
LOK |0 005 20260227091056 
LOK |0 008 130405||||||||||||||||ger||||||| 
LOK |0 040   |a DE-21-110  |c DE-627  |d DE-21-110 
LOK |0 689   |a s  |a Fortsetzungszusammenhang 
LOK |0 852   |z Kein Bestand am IfK; Nachweis für KrimDok 
LOK |0 852   |a DE-21-110 
LOK |0 852 1  |m v  |9 00 
LOK |0 935   |a k110 
LOK |0 938   |k v 
LOK |0 939   |a 05-04-13  |b l01 
ORI |a WA-MARC-krimdoka001.raw